| 000 | 00710nam a22002177a 4500 | ||
|---|---|---|---|
| 003 | BUBTL | ||
| 008 | 230315b ||||| |||| 00| 0 eng d | ||
| 020 | _a9781403903532 | ||
| 082 | _a848.91409/ Op52p/ 2004 | ||
| 100 |
_95209 _aOppenheim, Lois |
||
| 245 |
_aPalgrave advances in Samuel Beckett studies/ _c Lois Oppenheim |
||
| 250 | _a1st Edn. | ||
| 260 |
_aLondon: _bPalagrave MaCmillian, _cc2004 |
||
| 300 |
_axii, 262 p.: _c22 cm. |
||
| 500 | _aIncludes Index | ||
| 505 | _aPalgrave advances in Samuel Beckett studies, Samuel Beckett, Lois Oppenheim, English Literature | ||
| 650 | 0 |
_91994 _aEnglish Literature |
|
| 856 |
_k0 _l0 _yDownload |
||
| 942 |
_2ddc _cBK |
||
| 999 |
_c6971 _d6971 |
||